000 00529nam a2200169Ia 4500
008 090201s9999 xx 000 0 und d
010 _aKPL-38392
040 _bमराठी
041 _aमराठी
082 _a19763
_b38392
100 _aसुहास शिरवळकर
245 _aज्वेल थीप
_cसुहास शिरवळकर
260 _c2004
_bश्रध्दा प्रकाशन
300 _a219
_bमोठा
600 _aज्वेल थीप
942 _cBOOK
999 _c219570
_d219570